000 01399nam a2200349 c 4500
003 BLK
005 20240720095650.0
008 180411b bul|||||r ||||||| ||bul||
010 _aKNG00213885000
020 _a978-954-26-1726-6
_bиздат.: Хермес
040 _aBLK
041 _aBUL
_cBUL
072 7 _2bullib
_aН83
_xЧужда художествена литература Н
080 _aИспанска литература
_b821.134.2
_x-31
_z821.134.2-31
100 1 _aЛопес Рубио, Сусана
_eпърви автор
_9350347
700 1 _aКитипова, Мариана Георгиева
_eпрев. от исп.
_9367953
139 _aЛопес Рубио, Сусана
_bЛ 82
245 1 0 _aЕл Енканто
_bРоман
_cСусана Лопес Рубио; прев. от исп. Мариана Георгиева Китипова.
257 _aSPA
260 Пловдив
_bХермес
_c2017
_fСофия : Алианс принт
300 _a304 с.
_c21 см
380 _aX
500 _aОриг. загл. El Encanto / Susana Lopez Rubio.
653 _aромани
659 _aН
852 _aЦб 287925
856 4 _qpdf
_u
856 4 _qpdf
_u
942 _cKNG
_n0
_010
944 _aCR
_c30.10.2017
_lВиолета Тройчева
_k30552
944 _aED
_c07.11.2017
_lф /
_kЛюдмила_Стоянова
999 _c204327
_d204327